| 000 | 00392pam a2200157a 44500 | ||
|---|---|---|---|
| 008 | 230405s2006 xxu||||| |||| 00| 0 eng d | ||
| 041 | _aENG | ||
| 100 | _aTAUB HERBERT | ||
| 245 | _aPRINCIPLES OF COMMUNICATION SYSTEMS | ||
| 260 |
_aNEW DELHI _bTATA MCGRAW HILL PUB _c2006 |
||
| 300 | _aP.B,XVII,759 | ||
| 650 | _aE&TC | ||
| 690 | _aE&TC | ||
| 700 | _aSCHILLING DONALD.L | ||
| 906 | _a1982 | ||
| 999 |
_c816177 _d816177 |
||